=LDR 00000nam 2200000 4500 =001 INLIS000000000030936 =005 20250422013058 =035 ##$$a 0010-061300000030936 =008 250422###########################0#ind## =041 ##$$a ind =082 ##$$a 028.5 =090 ##$$a 028.5, Mua p =100 ##$$a Muakhir, Ali =245 1#$$a Penerus dakwah, oleh Ali Muakhir ; penerjemah, Harisa permatasari ; editor, Imran Laha /$c oleh Ali Muakhir ; penerjemah, Harisa permatasari ; editor, Imran Laha =260 ##$$a Jakarta :$b PT. Bumi Aksara Group =300 ##$$a 23 hlm : $b ilus ; $c 19 x 19 cm =650 #4$$a Bacaan Anak-anak =850 ##$$a NBPNMAT =020 ##$$a 978-979-010-439-6 =084 ##$$a 028.5 MUA p =990 ##$$a 05030503 =990 ##$$a 20901604